| 000 | 00708nam a22001815i 4500 | ||
|---|---|---|---|
| 001 | 166230 | ||
| 003 | ES-MaACL | ||
| 005 | 20250723094648.0 | ||
| 008 | 980806s1836 be |||| | fre d | ||
| 040 |
_aLR _bspa _cLR |
||
| 100 | 1 |
_aThenard, Louis-Jacques. _9154430 |
|
| 245 | 1 | 0 |
_aTraité de chimie élémentaire théorique et practique, suivi d'un essai sur la philosophie chimique et d'un précis sur l'analyse / _cpar M. le Baron L. J. Thenard ... |
| 260 |
_aBruxelles : _bLouis Hauman et Compagnie ..., _c1836 ( _fImprimerie de L. Schapen) |
||
| 300 |
_a2 v. (604 ; 564 p.) ; _c24 cm. |
||
| 650 | 0 | 7 |
_aQuímica _2embne _916625 |
| 852 |
_aES-MaACL _jG-1232-33 _z-- Enc. hol. |
||
| 999 |
_c166230 _d166230 |
||